John C. Munro Hamilton Int. Airport Destinations (Hamilton, Canada) - Statistics

General Stats
  • This quiz has been taken 39 times
    9 since last reset
  • The average score is 5 of 9
Answer Stats
Airline Destination % Correct
Porter Airlines Vancouver
100%
Porter Airlines/WestJet Calgary
89%
Porter Airlines Edmonton
78%
Porter Airlines Halifax
78%
Porter Airlines/WestJet Cancún
56%
Porter Airlines Orlando
56%
Porter Airlines Fort Lauderdale
33%
WestJet Punta Cana
33%
Porter Airlines Puerto Vallarta
22%
No matching quizzes found
Score Distribution
Percent of People with Each Score
Percentile by Number Answered
Your Score History
You have not taken this quiz since the last reset